| 000 | 01215nam a22003017a 4500 | ||
|---|---|---|---|
| 005 | 20240530110412.0 | ||
| 008 | 150217s2008 ua obfja 001 0 ara d | ||
| 017 |
_a2978/2008 _bمصر . دار الكتب المصرية |
||
| 020 | _a9771442570 | ||
| 040 | _aEG-CaGPL | ||
| 041 | 0 | _aara | |
| 082 | 0 | 4 |
_221 _a910.4 _bط/ن ن |
| 100 | 1 |
_aدلال ، ايه كامالا _qايه كامالا دلال |
|
| 245 | 1 | 0 |
_aالصين / _cتاليف جن جرين ؛ ترجمة شافعى نصر شافعى ؛اشراف داليا محمد ابراهيم |
| 250 | _aط1 | ||
| 260 |
_aالقاهرة : _bنهضة مصر للطباعة والنشر والتوزيع ، _c2008 |
||
| 300 |
_a62 ص : _bايض ؛ _c28 سم |
||
| 490 | 0 | _aناشيونال جيوجرافيك : دول العالم | |
| 650 | 0 | 4 | _aالسياحة |
| 651 | 0 | 4 |
_aالصين _xوصف ورحلات |
| 651 | 0 | 4 |
_aالصين _xتاريخ |
| 651 | 0 | 4 |
_aالصين _xالوصف الجغرافى |
| 651 | 0 | 4 |
_aالصين _xالعادات و التقاليد |
| 700 | 0 |
_aشافعى نصر شافعى _eمترجم |
|
| 700 | 0 |
_aداليا محمد ابراهيم _eمشرف |
|
| 942 |
_2ddc _cBK |
||
| 999 |
_c60471 _d60471 |
||